Energy and water development appropriations for fiscal year 1982 : (Record no. 915517)

MARC details
000 -LEADER
fixed length control field 01539nam a2200337 a 4500
001 - CONTROL NUMBER
control field vtls001465407
003 - CONTROL NUMBER IDENTIFIER
control field NLI
005 - DATE AND TIME OF LATEST TRANSACTION
control field 20210627125654.0
008 - FIXED-LENGTH DATA ELEMENTS--GENERAL INFORMATION
fixed length control field 121201m1981uuuudcua f000 0 eng
039 #9 - LEVEL OF BIBLIOGRAPHIC CONTROL AND CODING DETAIL [OBSOLETE]
-- 201212011830
-- VLOAD
040 ## - CATALOGING SOURCE
Original cataloging agency NLI
Language of cataloging eng
Transcribing agency Datasoft_FOD
Description conventions AACR2
041 0# - LANGUAGE CODE
Language code of text/sound track or separate title eng
044 ## - COUNTRY OF PUBLISHING/PRODUCING ENTITY CODE
MARC country code dcu
082 04 - DEWEY DECIMAL CLASSIFICATION NUMBER
Classification number 333.9140973
110 1# - MAIN ENTRY--CORPORATE NAME
Corporate name or jurisdiction name as entry element United States.
Subordinate unit Congress.
-- Senate.
-- Committee on Appropriations.
-- Subcommittee on Energy and Water Development
9 (RLIN) 715899
245 10 - TITLE STATEMENT
Title Energy and water development appropriations for fiscal year 1982 :
Remainder of title hearings before a subcommittee of the Committee on Appropriations, United States Senate, Niney-seventh Congress, first session, on H.R. 4144
260 ## - PUBLICATION, DISTRIBUTION, ETC.
Place of publication, distribution, etc. Washington, D.C. :
Name of publisher, distributor, etc. U.S. Government Printing Office,
Date of publication, distribution, etc. 1981-
300 ## - PHYSICAL DESCRIPTION
Extent -v. :
Other physical details ill. ;
Dimensions 24 cm.
500 ## - GENERAL NOTE
General note Spine title: Energy and water development appropriations 1982 (H.R. 4144)
505 0# - FORMATTED CONTENTS NOTE
Formatted contents note Pt. 1. Corps of Engineers, Department of the Interior, Water and power resources service
650 #0 - SUBJECT ADDED ENTRY--TOPICAL TERM
Topical term or geographic name entry element Water resources development
Geographic subdivision United States
General subdivision Finance
9 (RLIN) 711723
650 #0 - SUBJECT ADDED ENTRY--TOPICAL TERM
Topical term or geographic name entry element Energy development
Geographic subdivision United States
General subdivision Finance
9 (RLIN) 711724
651 #0 - SUBJECT ADDED ENTRY--GEOGRAPHIC NAME
Geographic name United States
General subdivision Appropriations and expenditures, 1982
9 (RLIN) 708451
740 02 - ADDED ENTRY--UNCONTROLLED RELATED/ANALYTICAL TITLE
Uncontrolled related/analytical title Corps of Engineers, Department of the Interior, Water and power resources service
887 ## - NON-MARC INFORMATION FIELD
Content of non-MARC field
901 ## - LOCAL DATA ELEMENT A, LDA (RLIN)
a AD 75641
b 27.07.2010
9 pt.1
902 ## - LOCAL DATA ELEMENT B, LDB (RLIN)
a U.S 333.9140973 Un 3
904 ## - LOCAL DATA ELEMENT D, LDD (RLIN)
l C 8056
949 ## - LOCAL PROCESSING INFORMATION (OCLC)
-- VIRTUAITEM
-- 10002
-- 100
6 FOD000075641ENG
9 pt.1
942 ## - ADDED ENTRY ELEMENTS (KOHA)
Source of classification or shelving scheme Dewey Decimal Classification
Koha item type Books
Holdings
Withdrawn status Lost status Damaged status Not for loan Collection code Home library Current library Shelving location Date acquired Total Checkouts Full call number Barcode Date last seen Price effective from Koha item type
          National Library of India National Library of India       U.S 333.9140973 Un 3 FOD000075641ENG 27/06/2021 27/06/2021 Books
                                                                           
web counter

Copyright ©2020 The National Library of India, Govt. of India ↔ Hosted by NVLI, MOC ↔ Technology and Design by National Library of India, Ministry of Culture, Govt. of India